| 000 | 01097cam a2200289 a 4500 | ||
|---|---|---|---|
| 001 | 2030499 | ||
| 003 | ARRUPE | ||
| 005 | 20140408140710.0 | ||
| 008 | 920205s1992 iluc b 001 0 eng | ||
| 010 | _a 92006249 | ||
| 020 | _a0812691725 (hard) | ||
| 020 | _a0812691733 (pbk.) | ||
| 040 |
_aDLC _cDLC _dDLC |
||
| 050 | 0 | 0 |
_aB1618.A94 _bP45 1992 |
| 082 | 0 | 0 |
_a192 _220 |
| 245 | 0 | 4 |
_aThe philosophy of A.J. Ayer / _cedited by Lewis Edwin Hahn. |
| 260 |
_aLa Salle, Ill. : _bOpen Court, _cc1992. |
||
| 300 |
_axix, 696 p. : _bport. ; _c24 cm. |
||
| 440 | 4 |
_aThe Library of living philosophers ; _vv. 21 _99819 |
|
| 504 | _a"Bibliography of the writings of A.J. Ayer, compiled by Guida Crowley": p. [661]-680. | ||
| 504 | _aIncludes bibliographical references and index. | ||
| 600 | 1 | 0 |
_aAyer, A. J. _q(Alfred Jules), _d1910-1989. _99820 |
| 700 | 1 |
_aHahn, Lewis Edwin, _d1908-2004. _99821 |
|
| 906 |
_a7 _bcbc _corignew _d1 _eocip _f19 _gy-gencatlg |
||
| 942 |
_2lcc _cMONOGRAPH |
||
| 999 |
_c120395 _d120395 |
||